Loading...
Auditory Arts | 3 | 5 | 0 | 1 | 95 | 52 | 85.63 | 4 | 7 |
Visual Arts | 3 | 3 | 0 | 1 | 75 | 74 | 98.83 | 1 | 4 |
Philosophy | 0 | 5 | 0 | 1 | 50 | 108 | 123.20 | 0 | 3 |
Fine Arts - Other Arts | 1 | 3 | 1 | 1 | 40 | 65 | 92.75 | 2 | 3 |
Beliefs | 0 | 4 | 1 | 0 | 35 | 86 | 109.25 | 2 | 4 |
Social Science | 0 | 3 | 0 | 0 | 30 | 89 | 93.33 | 1 | 3 |
History - European History | 0 | 3 | 0 | 1 | 30 | 112 | 118.67 | 0 | 2 |
History - American History | 0 | 2 | 0 | 1 | 20 | 114 | 124.50 | 0 | 1 |
Science - Biology | 0 | 2 | 0 | 0 | 20 | 79 | 83.50 | 2 | 2 |
Science - Other Science | 0 | 2 | 0 | 0 | 20 | 73 | 82.50 | 2 | 2 |
Literature - American Literature | 1 | 0 | 0 | 0 | 15 | 35 | 35.00 | 1 | 1 |
History - Ancient History | 0 | 1 | 0 | 0 | 10 | 102 | 102.00 | 0 | 1 |
History - World History | 0 | 1 | 0 | 0 | 10 | 86 | 86.00 | 0 | 1 |
History - Other History | 0 | 1 | 0 | 0 | 10 | 106 | 106.00 | 0 | 1 |
Literature - World Literature | 0 | 1 | 0 | 0 | 10 | 106 | 106.00 | 1 | 1 |